Managing human resources (Record no. 76313)

MARC details
000 -LEADER
fixed length control field 00373nam a2200157Ia 4500
008 - FIXED-LENGTH DATA ELEMENTS--GENERAL INFORMATION
fixed length control field 230917s9999||||xx |||||||||||||| ||und||
040 ## - CATALOGING SOURCE
-- 74330
Original cataloging agency VIVEKANANDA LIBRARY
041 ## - Language
-- English
082 ## - DDC NUMBER
Classification number 658.3 S81M
100 ## - MAIN ENTRY--PERSONAL NAME
Personal name Schuler, Randall S
245 #0 - TITLE STATEMENT
Title Managing human resources
250 ## - EDITION STATEMENT
Edition statement 4th ed.
260 ## - PUBLICATION, DISTRIBUTION, ETC. (IMPRINT)
Place of publication, distribution, etc Saint Paul
Name of publisher, distributor, etc West
Date of publication, distribution, etc 1992
300 ## - PHYSICAL DESCRIPTION
Pages xxv, 630 p.
942 ## - ADDED ENTRY ELEMENTS (KOHA)
Koha item type Books
Holdings
Withdrawn status Lost status Damaged status Not for loan Location (home branch) Sublocation or collection (holding branch) Shelving location Date acquired Koha issues (times borrowed) Koha full call number Accession No. Koha date last seen Koha item type
        VIVEKANANDA LIBRARY VIVEKANANDA LIBRARY IMSAR Library 20/02/2003   658.3 S81M 151694 17/09/2023 Books
© Designed and Maintained by Vivekananda Library, MDU Rohtak